000
00248pam a2200133 a 4500
020
_c
041
_h
100
_a
Astrid M Crake
245
_a
Fun At the Beach
260
_c
1994
300
_a
36
653
_a
Environmetal Law
930
_a
935
999
_c
246788
_d
246788